The magic school bus flies with the dinosaurs / (Record no. 6999)

MARC details
000 -LEADER
fixed length control field 01355cam a22003373a 4500
001 - CONTROL NUMBER
control field 6999
003 - CONTROL NUMBER IDENTIFIER
control field FISKH
005 - DATE AND TIME OF LATEST TRANSACTION
control field 20250617095753.0
008 - FIXED-LENGTH DATA ELEMENTS--GENERAL INFORMATION
fixed length control field 060616s2005 nyua j 000 1 eng d
010 ## - LIBRARY OF CONGRESS CONTROL NUMBER
LC control number 2006278001
020 ## - INTERNATIONAL STANDARD BOOK NUMBER
International Standard Book Number 0439801060 (pbk.)
040 ## - CATALOGING SOURCE
Original cataloging agency DAJ
Transcribing agency DAJ
Modifying agency DAJ
-- DLC
Language of cataloging eng
050 ## - LIBRARY OF CONGRESS CALL NUMBER
Classification number PZ7.S3989 F
082 ## - DEWEY DECIMAL CLASSIFICATION NUMBER
Classification number 567.9
100 1# - MAIN ENTRY--PERSONAL NAME
Personal name Schwabacher, Martin.
245 14 - TITLE STATEMENT
Title The magic school bus flies with the dinosaurs /
Statement of responsibility, etc. written by Martin Schwabacher ; illustrated by Carolyn Bracken.
260 ## - PUBLICATION, DISTRIBUTION, ETC.
Place of publication, distribution, etc. New York :
Name of publisher, distributor, etc. Scholastic,
Date of publication, distribution, etc. 2005.
300 ## - PHYSICAL DESCRIPTION
Extent 32 unnumbered pages :
Other physical details color illustrations ;
Dimensions 23 cm
440 #0 - SERIES STATEMENT/ADDED ENTRY--TITLE
Title Scholastic reader.
Number of part/section of a work Level 2
500 ## - GENERAL NOTE
General note "Based on The magic school bus books written by Joanna Cole and illustrated by Bruce Degan"--page facing t.p.
500 ## - GENERAL NOTE
General note "Cartwheel books."
505 ## - FORMATTED CONTENTS NOTE
Formatted contents note J<br/>
520 ## - SUMMARY, ETC.
Summary, etc. Ms. Frizzle's class is drawing dinosaurs. But Dorothy Ann's picture is of her pet parrot. Ralphie tells her a parrot is a bird, not a dinosaur. Who is right? Take off with Ms. Frizzle's class and find out all kinds of facts about dinosaurs.
521 8# - TARGET AUDIENCE NOTE
Target audience note 460<br/>
Source Lexile AD<br/>
521 8# - TARGET AUDIENCE NOTE
Target audience note J<br/>
Source Raz-Plus<br/><br/>
650 #0 - SUBJECT ADDED ENTRY--TOPICAL TERM
Topical term or geographic name entry element Dinosaurs
Form subdivision Juvenile fiction.
700 1# - ADDED ENTRY--PERSONAL NAME
Personal name Bracken, Carolyn.
Relator term illustrator
906 ## - LOCAL DATA ELEMENT F, LDF (RLIN)
a 7
b cbc
c copycat
d 2
e ncip
f 20
g y-gencatlg
942 ## - ADDED ENTRY ELEMENTS (KOHA)
Source of classification or shelving scheme Dewey Decimal Classification
Koha item type Books
Suppress in OPAC No
Holdings
Withdrawn status Lost status Source of classification or shelving scheme Damaged status Not for loan Collection Home library Current library Shelving location Date acquired Total Checkouts Full call number Barcode Date last seen Copy number Price effective from Koha item type
    Dewey Decimal Classification     Juvenile Fiction Footprints International School Library Network Toul Kork Campus Footprints International School Library Network Toul Kork Campus TK Primary Library Room(4th Floor), Bookcase 1&2, Shelves 1-16, Dark Blue Books 06/17/2025   SCH 567.9 PZ7.S3989 F FISBK02747 06/17/2025 1 06/17/2025 Books